[Event "St Petersburg op"]
[Site "St Petersburg"]
[Date "2003.??.??"]
[Round "9"]
[White "Reshetov, Valery"]
[Black "Davydov, Andrey"]
[Result "0-1"]
[WhiteElo "2113"]
[BlackElo "2211"]
[PlyCount "70"]
[EventDate "2003.??.??"]
[EventType "swiss"]
[EventRounds "9"]
[EventCountry "RUS"]
[SourceTitle "EXT 2005"]
[Source "ChessBase"]
[SourceDate "2004.11.15"]
[SourceVersion "1"]
[SourceVersionDate "2004.11.15"]
[SourceQuality "1"]

1. e4 c5 2. Nf3 e6 3. Be2 Nc6 4. 0-0 Nf6 5. Nc3 d6 6. d4 cxd4 7. Nxd4 Be7 8. Bg5 a6 9. Nxc6 bxc6 10. Qd2 Rb8 11. Rab1 0-0 12. Rfd1 Qc7 13. Bf4 e5 14. Bg5 Rd8 15. Bc4 Ng4 16. h3 Bxg5 17. Qxg5 h6 18. Qh4 Nf6 19. f4 Qe7 20. Kh1 Re8 21. Rd2 Rb4 22. b3 d5 23. exd5 cxd5 24. a3 dxc4 25. axb4 Qxb4 26. Qg3 exf4 27. Qf3 Bb7 28. Qxf4 Qxc3 29. Kh2 Nh5 30. Qf2 Qe5+ 31. Kg1 Nf4 32. bxc4 Bxg2 33. Qh4 Qe3+ 34. Rf2 g5 35. Qxh6 Nxh3+ 0-1